00939nam a22002297a 4500999001700000005001700017008004100034020001800075040002500093041000800118044000700126082001400133110003300147245003400180260006900214300005600283490003300339700004800372942001500420952013700435952013700572 c19713d1971320180302111022.0170802b xxu||||| |||| 00| 0 spa d a9781934151068 aCO-BoIAVHcCO-BoIAVH aspa ack aFG-b01651 aConservación Internacional10aTortugas Marinas de América aBogotá: bConservación Internacional: bMTSG: bWWF: c2007. afolleto plegablebilustraciones a colorc10 x 21 cm aSerie de guías de bolsillo1 aRodríguez Mahecha, José Vicenteeeditor 2zcFolleto 00102z40708HEMEROTECAaBogotabBogotad2017-08-02l0oFG-0165p041470r2017-08-02 00:00:00tEj. 1w2017-08-02xDonacionyFolleto 00102z40708HEMEROTECAaBogotabBogotad2017-11-04l0oFG-0165p041744r2017-11-04 00:00:00tEj. 2w2017-11-04xDonacionyFolleto